| 000 | 00849cab a2200265 4500 | ||
|---|---|---|---|
| 001 | ABS48562 | ||
| 008 | 090401t1993 xxu||||| |||| 00| 0 eng d | ||
| 035 | _a(Sirsi) u67365 | ||
| 041 | _aeng | ||
| 100 | _aMole, T. | ||
| 245 | _aRadon: remedial measures in existing houses | ||
| 260 | _c1993 | ||
| 350 | _a0 | ||
| 490 |
_aCS Monthly _bthe Building Surveyor _v2(8) May 1993, 10(1) |
||
| 520 | _aAn extract from a paper given by Trevor Mole at the March National Briefing which identifies remedial measures which can be implemented when radon levels are a problem in existing houses. | ||
| 650 | _aDEPRESSURISATION | ||
| 650 | _aFLOOR SEALANTS | ||
| 650 | _aMENTOR | ||
| 650 | _aRADON GAS | ||
| 650 | _aREMEDIAL WORK | ||
| 650 | _aVENTILATION | ||
| 690 | _aBUILT ENVIRONMENT-BUILDING STANDARDS | ||
| 942 | _n0 | ||
| 948 | _c04/03/1997 | ||
| 999 |
_c42161 _d42161 |
||